Hướng dẫn sử dụng đúng tiếng Anh qua từng bước

Salvato in:
Dettagli Bibliografici
Autore principale: Mary Ann Spencer Pulaski
Natura: Libro
Lingua:Undetermined
Pubblicazione: Tp. HCM Tp. HCM 1997
Soggetti:
Tags: Aggiungi Tag
Nessun Tag, puoi essere il primo ad aggiungerne! !
Thư viện lưu trữ: Trung tâm Học liệu Trường Đại học Cần Thơ
LEADER 00565nam a2200193Ia 4500
001 CTU_53457
008 210402s9999 xx 000 0 und d
020 |b 24500 
082 |a 428.24 
082 |b P981 
100 |a Mary Ann Spencer Pulaski 
245 0 |a Hướng dẫn sử dụng đúng tiếng Anh qua từng bước 
245 0 |c Mary Ann Spencer Pulaski 
260 |a Tp. HCM 
260 |b Tp. HCM 
260 |c 1997 
650 |a english language 
650 |x study and teaching 
980 |a Trung tâm Học liệu Trường Đại học Cần Thơ